Catálogo

Vista normal Vista MARC

Entrada Personal Name

Número de registros utilizados en: 1

001 - CONTROL NUMBER

  • control field: 13405

003 - CONTROL NUMBER IDENTIFIER

  • control field: DLC

005 - DATE AND TIME OF LATEST TRANSACTION

  • control field: 20221012113537.0

008 - FIXED-LENGTH DATA ELEMENTS

  • fixed length control field: 130522n| azannaabn |a aaa c

010 ## - LIBRARY OF CONGRESS CONTROL NUMBER

  • LC control number: no2013055718

035 ## - SYSTEM CONTROL NUMBER

  • System control number: (OCoLC)oca09479182

040 ## - CATALOGING SOURCE

  • Original cataloging agency: IC
  • Language of cataloging: spa
  • Description conventions: rda
  • Transcribing agency: Mx-PuUPA
  • Modifying agency: CU-A
  • Modifying agency: ICrlF
  • Modifying agency: Mx-PuUPA

046 ## - SPECIAL CODED DATES

  • Birth date: 1975
  • Source of date scheme: edtf

100 1# - HEADING--PERSONAL NAME

  • Personal name: Palacio Obón, Martha Riva,
  • Dates associated with a name: 1975-

370 ## - ASSOCIATED PLACE

  • Place of birth: Ciudad de México México

372 ## - FIELD OF ACTIVITY

  • Field of activity: Literatura infantil
  • Source of term: lcsh

374 ## - OCCUPATION

  • Occupation: Autores mexicanos

374 ## - OCCUPATION

  • Occupation: Poeta Mexicana

375 ## - GENDER

  • Gender: mujer

377 ## - ASSOCIATED LANGUAGE

  • Language code: spa

400 1# - SEE FROM TRACING--PERSONAL NAME

  • Personal name: Obón, Martha Riva Palacio,
  • Dates associated with a name: 1975-

400 1# - SEE FROM TRACING--PERSONAL NAME

  • Personal name: Riva Palacio Obón, Martha,
  • Dates associated with a name: 1975-

400 1# - SEE FROM TRACING--PERSONAL NAME

  • Personal name: Riva Palacio, Martha,
  • Dates associated with a name: 1975-

400 1# - SEE FROM TRACING--PERSONAL NAME

  • Personal name: Palacio, Martha Riva,
  • Dates associated with a name: 1975-

670 ## - SOURCE DATA FOUND

  • Source citation: Querido Marciano, 2012:
  • Information found: t.p. (Martha Riva Palacio Obón)

670 ## - SOURCE DATA FOUND

  • Source citation: Arbolrefugio WWW. site, April 9, 2013
  • Information found: (Martha Riva Palacio Obón; b. 1975 in Mexico City, Mexico; Mexican author & poet)
  • Uniform Resource Identifier: http://www.arbolrefugio.com/arbolrefugio/cveng.html

670 ## - SOURCE DATA FOUND

  • Source citation: Her Lunática, 2015:
  • Information found: title page (Martha Riva Palacio) CIP (Hdg.: Riva Palacio Obón, Martha; usage: Martha Riva Palacio Obón)